000 00303nam a22001337a 4500
008 181015b xxu||||| |||| 00| 0 eng d
020 _a0944210759
041 _aeng
080 _a371
100 _a46
101 _aEDU
245 _aA basic reader for College writers
_cDaniels,D.I
942 _2udc
_cBK
999 _c49681
_d49681